| 000 | 00409nam a22001577a 4500 | ||
|---|---|---|---|
| 003 | CEME | ||
| 005 | 20210628205203.0 | ||
| 008 | 210211b xxu||||| |||| 00| 0 eng d | ||
| 040 | _c. | ||
| 082 | _a333.79 KHA'E | ||
| 100 |
_aKhan, Tariq M _974331 |
||
| 245 | _aEnergy 2000 renewable sources of energy with reference to pakistan | ||
| 260 |
_aKARACHI _bROYAL BOOK _c1991 |
||
| 300 | _a71P | ||
| 942 |
_cBK _2ddc |
||
| 999 |
_c579876 _d579876 |
||